| Tag |
First Indicator |
Second Indicator |
Subfields |
| LEADER |
00000cam a2200000 a 4500 |
| 001 |
in00000031364 |
| 005 |
20151007060411.0 |
| 008 |
871201s1988 nyu b 00110 eng |
| 010 |
|
|
|a 87034513
|
| 020 |
|
|
|a 0471853003
|
| 035 |
|
|
|a (OCoLC)17259239
|
| 035 |
|
|
|9 AAC0760AM
|
| 040 |
|
|
|a DLC
|c DLC
|d TXA
|d UtOrBLW
|
| 043 |
|
|
|a n-us---
|
| 049 |
|
|
|a TXAM
|c [A11687668]
|
| 050 |
0 |
0 |
|a HV5132
|b .B76 1988
|
| 082 |
0 |
|
|a 362.2/92
|2 19
|
| 100 |
1 |
|
|a Brown, Stephanie,
|d 1944-
|
| 245 |
1 |
0 |
|a Treating adult children of alcoholics :
|b a developmental perspective /
|c Stephanie Brown.
|
| 264 |
|
1 |
|a New York :
|b Wiley,
|c [1988]
|
| 264 |
|
4 |
|c ©1988
|
| 300 |
|
|
|a xxii, 333 pages ;
|c 24 cm.
|
| 336 |
|
|
|a text
|b txt
|2 rdacontent
|
| 337 |
|
|
|a unmediated
|b n
|2 rdamedia
|
| 338 |
|
|
|a volume
|b nc
|2 rdacarrier
|
| 490 |
1 |
|
|a Wiley series on personality processes
|
| 500 |
|
|
|a "A Wiley-Interscience publication."
|
| 504 |
|
|
|a Bibliography: pages 313-323.
|
| 650 |
|
0 |
|a Adult children of alcoholics
|x Psychology.
|
| 650 |
|
0 |
|a Adult children of alcoholics
|x Mental health
|z United States.
|
| 650 |
|
0 |
|a Alcoholics
|x Rehabilitation
|z United States.
|
| 830 |
|
0 |
|a Wiley series on personality processes.
|
| 999 |
|
|
|a MARS
|
| 999 |
f |
f |
|s d687aaad-2640-3132-af25-7fb7a1a5c612
|i f25da875-7fde-36f4-96af-3e89f93d58f1
|t 0
|
| 952 |
f |
f |
|p ric
|a Texas A&M University
|b Rellis Campus
|c Joint Library Facility
|d Remote Storage
|t 0
|e HV5132 .B76 1988
|h Library of Congress classification
|i unmediated -- volume
|m A14811687668
|
| 998 |
f |
f |
|a HV5132 .B76 1988
|t 0
|l Remote Storage
|